Podnikanie v malých a stredných podnikoch

Malé a stredné podniky (MSP) ako zdroj podnikateľských aktivít, synonymum pružnosti, adaptability a základňa pre uspokojovanie širokých segmentov trhu. Analýza MSP na Slovensku. Posilnenie sektora MSP v oblasti zamestnanosti. Priemerný počet zamestnancov v MSP v porovnaní s krajinami EÚ. Exportne me...

Descripción completa

Guardado en:
Detalles Bibliográficos
Autor principal: Ďuriš, Tomáš
Formato: Capítulo de libro
Lenguaje:eslovaco
Materias:
Etiquetas: Agregar Etiqueta
Sin Etiquetas, Sea el primero en etiquetar este registro!

MARC

LEADER 00000naa$a2200000$$$4500
001 0053615
005 20240502071624.9
041 0 |a slo 
044 |a SK 
245 1 0 |a Podnikanie v malých a stredných podnikoch  |c Tomáš Ďuriš 
520 |a Malé a stredné podniky (MSP) ako zdroj podnikateľských aktivít, synonymum pružnosti, adaptability a základňa pre uspokojovanie širokých segmentov trhu. Analýza MSP na Slovensku. Posilnenie sektora MSP v oblasti zamestnanosti. Priemerný počet zamestnancov v MSP v porovnaní s krajinami EÚ. Exportne menej výkonné MSP. Participácia malých a stredných podnikov na VI. rámcovom programe EÚ. Dôležitý podiel MSP na zamestnanosti a tržbách v sektore služieb. MSP ako jeden z pilierov slovenskej ekonomiky. 
610 2 0 |a podnikanie 
610 2 0 |a podnik malý 
610 2 0 |a podnik stredný 
610 2 0 |a zamestnanosť 
610 2 0 |a tržby 
610 2 0 |a služby 
610 2 0 |a sektor terciárny 
610 2 0 |a trh 
610 2 0 |a živnostníci 
610 2 0 |a konkurencieschopnosť 
610 2 0 |a Slovensko 
100 1 |a Ďuriš, Tomáš